Cargando...

Kadha- Nandanar/

Detalles Bibliográficos
Autor principal: Nandanar
Formato: Printed Book
Publicado: Kottayam: Sahitya Pravartaka Co-operative Society, 2001.
Materias:
LEADER 00721nam a22001691a 4500
082 |a M301  |b NAN/K 
100 |a Nandanar  |9 141984 
245 |a Kadha- Nandanar/  |c by Nandanar 
260 |a Kottayam:  |b Sahitya Pravartaka Co-operative Society,  |c 2001. 
300 |a 200p. 
650 |a Stories Malayalam   |9 141985 
650 |a Literature Malayalam  |9 141986 
650 |a Literature  |9 141987 
942 |c BK 
999 |c 22326  |d 22326 
952 |0 0  |1 0  |4 0  |6 M_301_000000000000000_NAN_K  |7 0  |9 31385  |a SSUS  |b SSUS  |d 2015-01-08  |g 90.00  |l 1  |o M301 NAN/K  |p 031748  |r 2018-09-26  |s 2018-09-19  |v 0.00  |w 2015-01-08  |y BK 
952 |0 0  |1 0  |4 0  |6 M_301_000000000000000_NAN_K  |7 0  |9 31386  |a SSUS  |b SSUS  |c STACKS  |d 2015-01-08  |g 90.00  |o M301 NAN/K  |p 031747  |r 2015-01-08  |v 0.00  |w 2015-01-08  |y BK